The 23 Flavors of Dr. Pepper - Statistics

General Stats
  • This quiz has been taken 97 times
    88 since last reset
  • The average score is 7 of 23
Answer Stats
# Flavor % Correct
7 Blackberry, Raspberry, and/or Serviceberry
100%
1 Cherry
65%
6 Lemon, Lime, and/or Orange
55%
2 Vanilla
53%
3 Cola
49%
14 Allspice, Cinnamon, Clove, and/or Fennel
37%
16 Pepper
33%
12 Caramel / Carmel
31%
5 Amaretto, Almond, Apricot and/or Peach
28%
20 Grape
27%
11 Juniper, Cedar and/or Pine
27%
19 Chocolate / Cocoa
25%
4 Sarsaparilla, Root Beer, Birch and/or Sassafras
23%
8 Licorice, Anise, Absinthe and/or Wormwood
20%
21 Carrot, Radish, and/or Turnip
17%
22 Tomato
17%
23 Basil and/or Mint
16%
9 Plum and/or Prune
15%
13 Ginger and/or Cardamom
13%
10 Molasses and/or Rum
13%
15 Nutmeg
13%
17 Prickly Ash / Szechuan pepper
7%
18 Coriander and/or Cilantro
3%
No matching quizzes found
Score Distribution
Percent of People with Each Score
Percentile by Number Answered
Your Score History
You have not taken this quiz since the last reset